000 00286nam a22001217a 4500
008 181011b xxu||||| |||| 00| 0 eng d
041 _aeng
080 _23 rd
_a159.9
100 _a48
101 _aPSI
245 _aPsychopathological disorders of childhood
_cWerry&Q
942 _2udc
_cBK
999 _c49349
_d49349